| 000 | 004820000a22001570004500 | ||
|---|---|---|---|
| 003 | MACL | ||
| 005 | 20171122130924.0 | ||
| 008 | 171122b xxu||||| |||| 00| 0 eng d | ||
| 040 | _cMACL | ||
| 100 |
_aगुलेरी,प्रत्यूष _968039 |
||
| 245 | _aआधी पूंछ वाला राक्षस | ||
| 260 |
_bनेश्ानल बुक _c1998 _a1999 |
||
| 350 | _a5 | ||
| 650 |
_aचिल्ड्रन _969472 |
||
| 942 |
_cHIN _k741.642 _2ddc |
||
| 999 |
_c9086 _d9086 |
||